[Event "West Australia-ch"]
[Site "South Perth"]
[Date "2005.08.21"]
[Round "8"]
[White "Klimczak, Joe"]
[Black "Hessing, Rod"]
[Result "0-1"]
[WhiteElo "1366"]
[BlackElo "1663"]
[PlyCount "82"]
[EventDate "2005.07.03"]
[EventType "swiss"]
[EventRounds "9"]
[EventCountry "AUS"]
[SourceTitle "EXT 2009"]
[Source "ChessBase"]
[SourceDate "2008.11.26"]
[SourceVersion "1"]
[SourceVersionDate "2008.11.26"]
[SourceQuality "1"]

1. e4 d5 2. exd5 Qxd5 3. Nc3 Qa5 4. Bd3 Nf6 5. Nf3 Bg4 6. h3 Bh5 7. 0-0 c6 8. Qe2 Nbd7 9. a3 e6 10. b4 Bxb4 11. Bb2 Bd6 12. Ne4 Qc7 13. Nxd6+ Qxd6 14. Rfe1 0-0 15. a4 Rfd8 16. Bxf6 Nxf6 17. Qe5 Bxf3 18. Qxd6 Rxd6 19. gxf3 Rad8 20. Rab1 b6 21. f4 g6 22. Re3 Rd4 23. a5 b5 24. a6 Rxf4 25. Bxb5 cxb5 26. Rxb5 Ra4 27. d3 Rxa6 28. c4 Ra3 29. c5 Raxd3 30. c6 Rd1+ 31. Kg2 Rc1 32. Ra3 Rxc6 33. Rxa7 Rd7 34. Rb8+ Kg7 35. Raa8 Rc2 36. Kf3 Rd6 37. Kg2 Rdd2 38. Kg3 Rxf2 39. h4 h5 40. Ra4 Ng4 41. Rb7 Rc3# 0-1